Coldplay Albums as of 2024 - Statistics

General Stats
  • This quiz has been taken 90 times
    59 since last reset
  • The average score is 8 of 10
Answer Stats
Year Released Album Title % Correct
2008 Viva la Vida or Death and All His Friends
96%
2005 X&Y
96%
2000 Parachutes
91%
2002 A Rush of Blood to the Head
85%
2014 Ghost Stories
83%
2024 Moon Music
83%
2011 Mylo Xyloto
83%
2015 A Head Full of Dreams
78%
2019 Everyday Life
76%
2021 Music of the Spheres
76%
No matching quizzes found
Score Distribution
Percent of People with Each Score
Percentile by Number Answered
Your Score History
You have not taken this quiz since the last reset